Growing strong in the seasons of life / (Record no. 4784)
[ view plain ]
| 000 -LEADER | |
|---|---|
| fixed length control field | 00807pam a2200241 a 4500 |
| 001 - CONTROL NUMBER | |
| control field | 3295962 |
| 003 - CONTROL NUMBER IDENTIFIER | |
| control field | GBCCL |
| 005 - DATE AND TIME OF LATEST TRANSACTION | |
| control field | 20241126110526.0 |
| 008 - FIXED-LENGTH DATA ELEMENTS--GENERAL INFORMATION | |
| fixed length control field | 830527s1983 oruaf b 001 0 eng |
| 010 ## - | |
| -- | 83011466 |
| 020 ## - INTERNATIONAL STANDARD BOOK NUMBER | |
| International Standard Book Number | 0880700262 : |
| Terms of availability | $12.95 |
| 040 ## - CATALOGING SOURCE | |
| Original cataloging agency | DLC |
| Transcribing agency | DLC |
| Modifying agency | DLC |
| 050 00 - | |
| -- | BV4832.2 |
| -- | .S885 1983 |
| 082 00 - DEWEY DECIMAL CLASSIFICATION NUMBER | |
| Classification number | 242.2 |
| Edition information | 19 |
| Item number | SWI |
| 100 1# - MAIN ENTRY--PERSONAL NAME | |
| Personal name | Swindoll, Charles R. |
| 9 (RLIN) | 1487 |
| 245 10 - TITLE STATEMENT | |
| Title | Growing strong in the seasons of life / |
| Statement of responsibility, etc. | Charles R. Swindoll ; foreword by Billy Graham. |
| 260 ## - PUBLICATION, DISTRIBUTION, ETC. | |
| Place of publication, distribution, etc. | Portland, Or. : |
| Name of publisher, distributor, etc. | Multnomah Press, |
| Date of publication, distribution, etc. | c1983. |
| 300 ## - PHYSICAL DESCRIPTION | |
| Extent | 414 p., [4] leaves of plates : |
| Other physical details | ill. (some col.) ; |
| Dimensions | 24 cm. |
| 504 ## - BIBLIOGRAPHY, ETC. NOTE | |
| Bibliography, etc. note | Includes bibliographical references and indexes. |
| 650 #0 - SUBJECT ADDED ENTRY--TOPICAL TERM | |
| Topical term or geographic name entry element | Devotional exercises. |
| 9 (RLIN) | 446 |
| 906 ## - LOCAL DATA ELEMENT F, LDF (RLIN) | |
| a | 7 |
| b | cbc |
| c | orignew |
| d | 1 |
| e | ocip |
| f | 19 |
| g | y-gencatlg |
| 942 ## - ADDED ENTRY ELEMENTS (KOHA) | |
| Source of classification or shelving scheme | Dewey Decimal Classification |
| Koha item type | Books |
| Withdrawn status | Lost status | Source of classification or shelving scheme | Damaged status | Not for loan | Home library | Current Library | Shelving location | Date acquired | Total checkouts | Full call number | Barcode | Date last seen | Copy number | Price effective from | Koha item type |
|---|---|---|---|---|---|---|---|---|---|---|---|---|---|---|---|
| Dewey Decimal Classification | GRACE BIBLE COLLEGE | GRACE BIBLE COLLEGE | Ministry & Mission | 2018-02-06 | 242.2 SWI | 012220 | 2025-05-01 | c.1 | 2018-02-06 | Books | |||||
| Dewey Decimal Classification | GRACE BIBLE COLLEGE | GRACE BIBLE COLLEGE | Ministry & Mission | 2018-02-06 | 242.2 SWI | 012221 | 2025-05-01 | c.2 | 2018-02-06 | Books | |||||
| Dewey Decimal Classification | GRACE BIBLE COLLEGE | GRACE BIBLE COLLEGE | Ministry & Mission | 2018-02-06 | 242.2 SWI | 012222 | 2025-05-01 | c.3 | 2018-02-06 | Books | |||||
| Dewey Decimal Classification | GRACE BIBLE COLLEGE | GRACE BIBLE COLLEGE | Ministry & Mission | 2018-02-06 | 242.2 SWI | 012223 | 2025-05-01 | c.4 | 2018-02-06 | Books | |||||
| Dewey Decimal Classification | GRACE BIBLE COLLEGE | GRACE BIBLE COLLEGE | Ministry & Mission | 2018-02-06 | 242.2 SWI | 012224 | 2025-05-01 | c.5 | 2018-02-06 | Books | |||||
| Dewey Decimal Classification | GRACE BIBLE COLLEGE | GRACE BIBLE COLLEGE | Ministry & Mission | 2018-02-06 | 242.2 SWI | 012225 | 2025-05-01 | c.6 | 2018-02-06 | Books |